| 000 | 00413nam a2200169Ia 4500 | ||
|---|---|---|---|
| 008 | 221030s9999 xx 000 0 und d | ||
| 020 | _a8120301935 | ||
| 041 | _aEnglish | ||
| 082 |
_a105.23 _bMur |
||
| 100 | _aR. G. Murdick | ||
| 245 | 0 | _aInformation Systems For Modern Management | |
| 260 |
_bAnmol Pub _aNew Delhi _c2002 |
||
| 300 | _a2002 | ||
| 650 | _aMBA Computers | ||
| 700 | _aJ. E. Ross | ||
| 942 | _cBK | ||
| 999 |
_c1022 _d1022 |
||